| 000 | 01521nam a2200409 a 4500 | ||
|---|---|---|---|
| 005 | 20240814090652.0 | ||
| 008 | e2024 ag ||||f |||| 00| 0 spa d | ||
| 020 | _a9789878750606 | ||
| 041 | _aspa | ||
| 092 |
_c616.028 _l13 _sCOR |
||
| 100 | 1 |
_aCornaglia, Carlos Luis Miguel _94205 |
|
| 245 |
_aTerapia Intensiva Local. _bT.1 Concepto / _cCarlos Luis Miguel Cornaglia |
||
| 250 | _a1a ed. | ||
| 260 |
_aBuenos Aires: _bAutores de Argentina; _c2024. |
||
| 300 | _a192 p. | ||
| 500 | _aCornaglia, C. L. M. y Fiore, G. del V. (2024). Terapia Intensiva Local. T.1 Concepto. (1a ed.). Buenos Aires : Autores de Argentina. | ||
| 590 | _aCompra Proyecto PROMED 2012 | ||
| 653 | _aPsicoterapia intensiva focal | ||
| 653 | _aPsicoterapia intensiva focal. Concepto | ||
| 653 | 4 | _aQué significa terapia? | |
| 653 | 4 | _aQué significa intensiva? | |
| 653 | 4 | _aQué significa focal? | |
| 653 | _aConciencia metodológica | ||
| 653 | _aFormas de lo intensivo | ||
| 653 | _aFormas de lo focal | ||
| 653 | _aOrganización del programa terapéutico | ||
| 653 | _aProyecto, programa, mesoprograma, microprograma | ||
| 653 | _aEquipo terapéutico | ||
| 653 | _aRegistro de las actividades y eventos | ||
| 653 | _aEspacios y extensión de los programas terapéuticos | ||
| 653 | _aIndicaciones y contraindicaciones | ||
| 653 | _aCostos y beneficios | ||
| 653 | _aEvaluación | ||
| 653 | _aTerapia intensiva focal. Hoja de evaluación | ||
| 700 | 1 |
_aFiore, Graciela del Valle. _94206 |
|
| 942 |
_2ddc _cBK |
||
| 999 |
_c3192 _d3192 |
||